header

The sovereignty dispute over the Falkland (Malvinas) Islands (Record no. 4428)

MARC details
000 -LEADER
fixed length control field 01319nam a2200337Ia 4500
100 1# - MAIN ENTRY--AUTHOR NAME
Personal name Gustafson, Lowell S.
245 14 - TITLE STATEMENT
Title The sovereignty dispute over the Falkland (Malvinas) Islands
260 ## - PUBLICATION, DISTRIBUTION, ETC. (IMPRINT)
Place of publication New York :
Name of publisher Oxford University Press,
Year of publication 1988.
300 ## - PHYSICAL DESCRIPTION
Number of Pages xiii, 268 p.
500 ## - GENERAL NOTE
General note Includes index.
650 #0 - SUBJECT ADDED ENTRY--TOPICAL TERM
Topical Term Falkland Islands War, 1982.
856 40 - ELECTRONIC LOCATION AND ACCESS
Uniform Resource Identifier http://site.ebrary.com/lib/rucke/Doc?id=10279078

No items available.

© 2026 Rongo University
Contact us: librarian | system librarian | Rongo university